|
|
|
|
| LEADER |
01106cam a2200253 7i4500 |
| 001 |
0000054593 |
| 005 |
20200924090000.0 |
| 020 |
|
|
|a 1591582903 (electronic book)
|
| 090 |
0 |
0 |
|a Z675.P8
|b C76 2006
|
| 100 |
1 |
|
|a Clark, Sheila
|
| 245 |
1 |
0 |
|a Library services to the incarcerated :
|b applying the public library model in correctional facility libraries
|c Sheila Clark and Erica MacCreaigh.
|
| 264 |
|
1 |
|a Westport, Connecticut:
|b Libraries Unlimited,
|c 2006.
|
| 300 |
|
|
|a 1 online resource (246 pages):
|b text file, PDF.
|
| 336 |
|
|
|a text
|2 rdacontent
|
| 337 |
|
|
|a computer
|2 rdamedia
|
| 338 |
|
|
|a online resource
|2 rdacarrier
|
| 650 |
|
0 |
|a Prison libraries --
|z United States
|
| 650 |
|
0 |
|a Libraries and prisons --
|z United States
|
| 655 |
|
0 |
|a Electronic books
|
| 700 |
1 |
|
|a MacCreaigh, Erica
|
| 856 |
4 |
2 |
|u http://library.unisel.edu.my/equip-unisel/custom/ebook_catalog/ebook/LibraryServicestotheIncarceratedcompressed.pdf
|
| 997 |
|
|
|a Communication, Visual Art & Computing, Faculty
|b Communication, Department
|
| 998 |
|
|
|a Library Science, Diploma
|
| 999 |
|
|
|a EBO0001135
|b EBOOK
|c EBOOK
|e Electronic resources
|